New grammar practice for pre-intermediate students
Zapisane w:
| 1. autor: | |
|---|---|
| Format: | Książka |
| Język: | Undetermined |
| Wydane: |
London
Longman
2000
|
| Hasła przedmiotowe: | |
| Etykiety: |
Dodaj etykietę
Nie ma etykietki, Dołącz pierwszą etykiete!
|
| Thư viện lưu trữ: | Trung tâm Học liệu Trường Đại học Cần Thơ |
|---|
| LEADER | 00571nam a2200205Ia 4500 | ||
|---|---|---|---|
| 001 | CTU_65767 | ||
| 008 | 210402s9999 xx 000 0 und d | ||
| 020 | |b 202000 | ||
| 082 | |a 425.076 | ||
| 082 | |b W178p | ||
| 100 | |a Elaine Walker | ||
| 245 | 0 | |a New grammar practice for pre-intermediate students | |
| 245 | 0 | |c Elaine Walker and Steve Elsworth | |
| 260 | |a London | ||
| 260 | |b Longman | ||
| 260 | |c 2000 | ||
| 650 | |a english language | ||
| 650 | |x grammar,problems, exercises, etc. | ||
| 904 | |i Minh | ||
| 980 | |a Trung tâm Học liệu Trường Đại học Cần Thơ | ||